Early detection of wood quality in Hevea brasiliensis (Rubber wood) using cinnamyl alcohol dehydrogenase (CAD) activity and lignification (Record no. 51516)

MARC details
000 -LEADER
fixed length control field 00545nam a2200169Ia 4500
100 ## - MAIN ENTRY--AUTHOR NAME
Personal name Reghu C P
245 #0 - TITLE STATEMENT
Title Early detection of wood quality in Hevea brasiliensis (Rubber wood) using cinnamyl alcohol dehydrogenase (CAD) activity and lignification
260 ## - PUBLICATION, DISTRIBUTION, ETC. (IMPRINT)
Name of publisher Journal of the Indian Academy of Wood Science
Year of publication 2011
300 ## - PHYSICAL DESCRIPTION
Number of Pages 177-183
650 ## - SUBJECT ADDED ENTRY--TOPICAL TERM
Topical Term CAD activity
650 ## - SUBJECT ADDED ENTRY--TOPICAL TERM
Topical Term Lignification
650 ## - SUBJECT ADDED ENTRY--TOPICAL TERM
Topical Term Rubberwood
650 ## - SUBJECT ADDED ENTRY--TOPICAL TERM
Topical Term Wild germplasm
650 ## - SUBJECT ADDED ENTRY--TOPICAL TERM
Topical Term Wood quality
942 ## - ADDED ENTRY ELEMENTS (KOHA)
Koha item type Bibliography STAF
Holdings
Withdrawn status Lost status Damaged status Not for loan Home library Current library Shelving location Date acquired Serial Enumeration / chronology Koha item type
      Bibliography RRII Library RRII Library Rubber wood 24/07/2012 Volume 8, Issue 2 Bibliography STAF